000 00419nam a2200181Ia 4500
001 671
005 20260306140535.0
008 260306t1997||||xx |||||||||||||| ||spa||
041 _aESP
082 _a128.3
_bB67
100 _aBochenski, J. M.
_eAUT
245 0 _aIntroducción al pensamiento filosófico
260 _c1997
300 _a120 p
_c20 cm.
650 _aGEN
654 _aCHU
942 _cLIB
_dJUS
_fJUS
_2ddc
_n
999 _c671
_d671